00613 2200205 4500001002100000005001500021035002000036245007100056100001800127250001700145300004900162856003600211700002800247700003400275260003000309082001300339084001900352020002200371600001400393INLIS00000000000259120210727093354 a0010-07210000711 aPengantar akuntansi berdasarkan SAK ETAP dan IFRS /cSyaiful Bahri0 aSyaiful Bahri aEdisi Ketiga axii + 540 halaman :bIlustrasi ;c19 x 23 cm aPerpustakaan Umum Kota Makassar0 aEditor ; Radhitya Indra0 aDesain Cover ; Dany Nofiyanto aYogyakarta :bANDI,c2016 a657. 042 a657. 042 SYA p a978-623-01-0843-3 4aAkuntansi